Human resource management: Functions, applications and skill development (Record no. 23350)

MARC details
000 -LEADER
fixed length control field 00527nam a2200181Ia 4500
008 - FIXED-LENGTH DATA ELEMENTS--GENERAL INFORMATION
fixed length control field 230917s9999||||xx |||||||||||||| ||und||
020 ## - ISBN
Price USD139
040 ## - CATALOGING SOURCE
-- 241348
Original cataloging agency VIVEKANANDA LIBRARY
041 ## - Language
-- English
082 ## - DDC NUMBER
Classification number 658.3 L976H(2)
100 ## - MAIN ENTRY--PERSONAL NAME
Personal name Lussier, Robert N
245 #0 - TITLE STATEMENT
Title Human resource management: Functions, applications and skill development
250 ## - EDITION STATEMENT
Edition statement 2nd ed.
260 ## - PUBLICATION, DISTRIBUTION, ETC. (IMPRINT)
Place of publication, distribution, etc Los Angeles
Name of publisher, distributor, etc Sage
Date of publication, distribution, etc 2016
300 ## - PHYSICAL DESCRIPTION
Pages xxvi, 681 p.
500 ## - GENERAL NOTE
General note 2798 27/07/2017 PBA17/520 27/07/2017 IMSAR (Dev. & Research)
942 ## - ADDED ENTRY ELEMENTS (KOHA)
Koha item type Books
Holdings
Withdrawn status Lost status Damaged status Not for loan Location (home branch) Sublocation or collection (holding branch) Shelving location Date acquired Koha issues (times borrowed) Koha full call number Accession No. Koha date last seen Koha item type
        VIVEKANANDA LIBRARY VIVEKANANDA LIBRARY IMSAR Library 15/09/2017   658.3 L976H(2) 370981 17/09/2023 Books
© Designed and Maintained by Vivekananda Library, MDU Rohtak